[Event "HUN-chT1 Charousek 2324"]
[Site "Hungary"]
[Date "2024.03.10"]
[Round "8.11"]
[White "Szabo Thomka, Daniel"]
[Black "Felmery, Tamas"]
[Result "0-1"]
[WhiteElo "1917"]
[BlackElo "1824"]
[PlyCount "94"]
[EventDate "2023.10.08"]
[EventType "team-tourn"]
[EventRounds "11"]
[EventCountry "HUN"]
[SourceTitle "EXT 2025"]
[Source "ChessBase"]
[SourceDate "2024.10.14"]
[SourceVersion "1"]
[SourceVersionDate "2024.10.14"]
[SourceQuality "1"]
[WhiteTeam "Gyor Szechenyi"]
[BlackTeam "Biatorbagy II"]
[WhiteTeamCountry "HUN"]
[BlackTeamCountry "HUN"]

1. e4 c5 2. Nf3 d6 3. d4 cxd4 4. Nxd4 Nc6 5. Nc3 a6 6. Be3 e6 7. Qd2 Nf6 8. f3 Qc7 9. 0-0-0 d5 10. exd5 Nxd5 11. Nxd5 exd5 12. Bf4 Bd6 13. Re1+ Ne7 14. Bxd6 Qxd6 15. Qg5 Kf8 16. Bd3 h6 17. Qe3 Bd7 18. g4 Re8 19. Bf5 Nxf5 20. Nxf5 Rxe3 21. Nxd6 Rxf3 22. Nxb7 Bxg4 23. Nc5 Rf6 24. h3 Be6 25. Nxa6 Bxh3 26. Nc7 Be6 27. Re5 g6 28. Rhe1 Kg7 29. Nxe6+ fxe6 30. Rxe6 h5 31. Re7+ Rf7 32. R7e5 Rd7 33. Kd2 h4 34. Ke3 Rb8 35. b3 Kf6 36. Kf4 Rc8 37. R1e2 Rc3 38. Re6+ Kf7 39. R6e3 Rxe3 40. Rxe3 Kf6 41. Kg4 Rh7 42. a4 d4 43. Rh3 g5 44. a5 Kg6 45. b4 Re7 46. Rf3 Re4+ 47. Kh3 g4+ 0-1

[Event "HUN-chT4 2223"]
[Site "Gyor"]
[Date "2023.04.02"]
[Round "7"]
[White "Suhajda, Attila"]
[Black "Szabo Thomka, Daniel"]
[Result "1/2-1/2"]
[WhiteElo "1952"]
[BlackElo "1890"]
[PlyCount "87"]
[EventDate "2022.10.09"]
[EventType "team-tourn"]
[EventRounds "7"]
[EventCountry "HUN"]
[SourceTitle "EXT 2024"]
[Source "ChessBase"]
[SourceDate "2023.10.10"]
[SourceVersion "1"]
[SourceVersionDate "2023.10.10"]
[SourceQuality "1"]
[WhiteTeam "Level KSE"]
[BlackTeam "Gyor Szechenyi II"]
[WhiteTeamCountry "HUN"]
[BlackTeamCountry "HUN"]

1. e4 e5 2. Nf3 Nc6 3. Bb5 Nf6 4. 0-0 d6 5. c3 a6 6. Ba4 b5 7. Bb3 Be7 8. h3 0-0 9. d4 Bd7 10. Re1 Qc8 11. Nbd2 Na5 12. dxe5 Nxb3 13. exf6 Nxd2 14. fxe7 Nxf3+ 15. Qxf3 Re8 16. Bg5 f6 17. Bxf6 gxf6 18. Qxf6 Bxh3 19. gxh3 Qd7 20. Re3 Rxe7 21. Rg3+ Rg7 22. Rxg7+ Qxg7+ 23. Qxg7+ Kxg7 24. a4 Re8 25. axb5 axb5 26. f3 Re5 27. Ra5 Rc5 28. Kf2 Kg6 29. f4 Kh5 30. Ra1 Kg6 31. Rg1+ Kf6 32. h4 b4 33. Rc1 d5 34. exd5 Rxd5 35. Ke3 Rc5 36. Kd4 Rf5 37. Ke4 Rc5 38. Kd4 Rf5 39. Rf1 bxc3 40. bxc3 Rh5 41. Rh1 Rf5 42. Ke4 Rc5 43. Kd4 Rf5 44. Ke4 1/2-1/2

[Event "HUN-chT2 Szechenyi 2122"]
[Site "Hungary"]
[Date "2021.12.05"]
[Round "3.11"]
[White "Denes, Mark"]
[Black "Szabo Thomka, Daniel"]
[Result "0-1"]
[WhiteElo "1194"]
[BlackElo "1892"]
[PlyCount "52"]
[EventDate "2021.10.10"]
[EventType "team-tourn"]
[EventRounds "9"]
[EventCountry "HUN"]
[SourceTitle "EXT 2025"]
[Source "ChessBase"]
[SourceDate "2024.10.14"]
[SourceVersion "1"]
[SourceVersionDate "2024.10.14"]
[SourceQuality "1"]
[WhiteTeam "Tapolca VSE"]
[BlackTeam "Szechenyi ESE"]
[WhiteTeamCountry "HUN"]
[BlackTeamCountry "HUN"]

1. d4 f5 2. g3 Nf6 3. Nf3 g6 4. Bg2 Bg7 5. 0-0 0-0 6. Re1 d6 7. Bf4 c6 8. c4 Nbd7 9. Ng5 Nb6 10. Qb3 h6 11. c5+ Nbd5 12. e4 fxe4 13. Nxe4 Kh8 14. Bd2 Nxe4 15. Bxe4 Bxd4 16. Be3 Nxe3 17. fxe3 Bxc5 18. Bxg6 e5 19. Nd2 d5 20. Kh1 Rf2 21. Qc3 Qd6 22. Qd3 Bh3 23. Be4 Raf8 24. a3 dxe4 25. Qxd6 Bxd6 26. Nxe4 Bg2+ 0-1

[Event "HUN-chT2 Szechenyi 1819"]
[Site "Hungary"]
[Date "2018.11.18"]
[Round "2.8"]
[White "Kovacs, Milan1"]
[Black "Szabo Thomka, Daniel"]
[Result "1-0"]
[WhiteElo "1935"]
[BlackElo "1849"]
[PlyCount "99"]
[EventDate "2018.10.28"]
[EventType "team-tourn"]
[EventRounds "9"]
[EventCountry "HUN"]
[SourceTitle "EXT 2021"]
[Source "ChessBase"]
[SourceDate "2020.10.23"]
[SourceVersion "1"]
[SourceVersionDate "2020.10.23"]
[SourceQuality "1"]
[WhiteTeam "Gyor Elektromos"]
[BlackTeam "Gyor Szechenyi II"]
[WhiteTeamCountry "HUN"]
[BlackTeamCountry "HUN"]

1. e4 Nf6 2. e5 Nd5 3. c4 Nb6 4. d4 d6 5. exd6 exd6 6. Be3 g6 7. Nc3 Bg7 8. Rc1 0-0 9. Be2 Nc6 10. Nf3 Bf5 11. b3 Re8 12. 0-0 Ne7 13. Qd2 d5 14. Bg5 Be6 15. c5 Nd7 16. Rfe1 c6 17. b4 Nf8 18. b5 Bg4 19. Nh4 Bxe2 20. Rxe2 Ne6 21. Be3 Qa5 22. Rb1 Qc7 23. Ree1 Bf6 24. Nf3 Nf5 25. g3 Bg7 26. Ne2 Qd7 27. a4 Nxe3 28. fxe3 Bh6 29. Ne5 Qc7 30. Nf4 Nxc5 31. Qc2 f6 32. Qxc5 fxe5 33. Nxd5 Qf7 34. bxc6 exd4 35. Rf1 Qe6 36. Nf6+ Kh8 37. Rxb7 Qxe3+ 38. Kh1 Bg7 39. Nxe8 Qe4+ 40. Kg1 Qe3+ 41. Kg2 Rxe8 42. Qd5 d3 43. Rd7 d2 44. c7 Qe1 45. Rd8 Qe2+ 46. Rf2 d1Q 47. Rxe8+ Qxe8 48. Qxd1 Qc6+ 49. Qf3 Qxc7 50. Qa8+ 1-0

[Event "HUN-chT4 1617"]
[Site "Hungary"]
[Date "2016.11.06"]
[Round "2.4"]
[White "Szabo Thomka, Daniel"]
[Black "Pesti, Mate"]
[Result "1-0"]
[WhiteElo "1874"]
[BlackElo "1759"]
[PlyCount "115"]
[EventDate "2016.10.02"]
[EventType "team-tourn"]
[EventRounds "7"]
[EventCountry "HUN"]
[SourceTitle "EXT 2019"]
[Source "ChessBase"]
[SourceDate "2018.10.10"]
[SourceVersion "1"]
[SourceVersionDate "2018.10.10"]
[SourceQuality "1"]

1. e4 c5 2. Nf3 Nc6 3. d4 cxd4 4. Nxd4 g6 5. Nc3 Bg7 6. Be3 Nf6 7. f3 0-0 8. Qd2 d5 9. Nxc6 bxc6 10. 0-0-0 Be6 11. exd5 Nxd5 12. Nxd5 cxd5 13. Bd4 Qc7 14. Bxg7 Kxg7 15. Qd4+ Kg8 16. Bd3 Rfc8 17. Rd2 Qb6 18. Qxb6 axb6 19. a3 Bd7 20. Re1 e6 21. Kb1 b5 22. f4 Re8 23. Re3 Kg7 24. c4 bxc4 25. Bxc4 Ra4 26. b4 Bc6 27. Bf1 Ra7 28. b5 Bd7 29. Rb2 Ra4 30. g3 f6 31. b6 Raa8 32. Bb5 Bxb5 33. Rxb5 Re7 34. a4 d4 35. b7 Rb8 36. Reb3 Rc7 37. a5 d3 38. a6 d2 39. Rd3 Rc1+ 40. Kb2 d1Q 41. Rxd1 Rxd1 42. a7 Rdd8 43. Kc3 Kf7 44. Kb4 e5 45. fxe5 fxe5 46. axb8Q Rxb8 47. Kc5 e4 48. Kc6 Ke6 49. Kc7 Rf8 50. b8Q Rxb8 51. Rxb8 Kd5 52. Rh8 h5 53. Re8 g5 54. Kd7 h4 55. Rg8 e3 56. Rxg5+ Ke4 57. gxh4 e2 58. Ke6 1-0

[Event "HUN-chT2 Breyer 1415"]
[Site "Hungary"]
[Date "2014.12.14"]
[Round "?"]
[White "Albert, Janos"]
[Black "Szabo Thomka, Daniel"]
[Result "1-0"]
[WhiteElo "1955"]
[BlackElo "1746"]
[PlyCount "49"]
[EventDate "2014.09.07"]
[EventType "team-tourn"]
[EventRounds "11"]
[EventCountry "HUN"]
[SourceTitle "EXT 2016"]
[Source "ChessBase"]
[SourceDate "2015.10.08"]
[SourceVersion "1"]
[SourceVersionDate "2015.10.08"]
[SourceQuality "1"]
[WhiteTeam "Zsambek"]
[BlackTeam "Szechenyi"]
[WhiteTeamCountry "HUN"]
[BlackTeamCountry "HUN"]

1. e4 c5 2. Nf3 d6 3. d4 cxd4 4. Nxd4 Nf6 5. Nc3 a6 6. Bg5 Nbd7 7. f4 Qc7 8. Qf3 Rb8 9. 0-0-0 b5 10. Bd3 e6 11. Rhe1 Be7 12. Kb1 h6 13. Qh3 Nc5 14. e5 b4 15. Nce2 dxe5 16. fxe5 Nfe4 17. Bxe7 Kxe7 18. Bxe4 Nxe4 19. Qh4+ Ng5 20. Nf4 Bd7 21. Nf5+ Kf8 22. Nd6 g6 23. Qf2 Bc6 24. h4 Nh7 25. Nxe6+ 1-0